Statistiques concernant Entraîneurs de Betclic Élite 2023/2024

Cliquez ici pour prendre le quiz!

Statistiques générales

  • Ce quiz a été pris 8 fois
  • Le résultat moyen est 16 sur 26

Statistiques - réponses

HintRéponseDate% Correct
AS MonacoSasa ObradovicDepuis 2021
100%
ESSM Le PortelÉric GirardDepuis 2022
75%
BCM Gravelines-DunkerqueJean-Christophe PratDepuis 2023
75%
Chorale de RoanneJean-Denys Choulet2020-2024
75%
Saint-Quentin BBJulien MahéDepuis 2020
75%
JDA DijonLaurent LegnameDepuis 2023
75%
BCM Gravelines-DunkerqueLaurent Legname2022-2023
75%
Cholet BasketLaurent VilaDepuis 2021
75%
Nanterre 92Pascal DonnadieuDepuis 1987
75%
ASVELT.J. Parker2020-2023
75%
Le MansElric DelordDepuis 2019
50%
JL Bourg-en-BresseFrédéric FauthouxDepuis 2022
50%
ASVELGianmarco Pozzecco2023-2024
50%
Limoges CSPIlías Kantzoúris2023
50%
Limoges CSPJean-Marc DuprazDepuis 2024
50%
Metropolitans 92Jean-Paul BessonDepuis 2023
50%
Metropolitans 92Laurent Foirest2023
50%
Chorale de RoanneMarc BerjoanDepuis 2024
50%
Strasbourg IGMassimo CancellieriDepuis 2023
50%
ADA BloisMickaël Hay2013-2024
50%
JDA DijonNenad Markovic2021-2023
50%
ASVELPierric PoupetDepuis 2024
50%
Élan ChalonSavo VucevicDepuis 2022
50%
SLUC NancySylvain LautiéDepuis 2021
50%
Paris BasketballTuomas IisaloDepuis 2023
50%
ADA BloisDavid MorabitoDepuis 2024
25%

Distribution des résultats

Percentile par nombre de réponses

% des personnes avec chaque résultat

Votre développement - résultats

Vous n’avez pas pris ce quiz